Treasure Island / (Record no. 186421)
[ view plain ]
| 000 -LEADER | |
|---|---|
| fixed length control field | 01047 a2200241 4500 |
| 003 - CONTROL NUMBER IDENTIFIER | |
| control field | Nust |
| 005 - DATE AND TIME OF LATEST TRANSACTION | |
| control field | 20230131113729.0 |
| 010 ## - LIBRARY OF CONGRESS CONTROL NUMBER | |
| LC control number | 81008788 |
| 020 ## - INTERNATIONAL STANDARD BOOK NUMBER | |
| International Standard Book Number | 0684171600 : |
| 040 ## - CATALOGING SOURCE | |
| Transcribing agency | Nust |
| 082 00 - DEWEY DECIMAL CLASSIFICATION NUMBER | |
| Classification number | 808.83,LOU |
| 100 1# - MAIN ENTRY--PERSONAL NAME | |
| Personal name | Stevenson, Robert Louis, |
| 9 (RLIN) | 46827 |
| 245 10 - TITLE STATEMENT | |
| Title | Treasure Island / |
| Statement of responsibility, etc. | Robert Louis Stevenson ; illustrated by A.M.Trotter |
| 260 ## - PUBLICATION, DISTRIBUTION, ETC. | |
| Place of publication, distribution, etc. | New York : |
| Name of publisher, distributor, etc. | Scribner, |
| Date of publication, distribution, etc. | 1981. |
| 300 ## - PHYSICAL DESCRIPTION | |
| Extent | xvi, 273 p., [13] leaves of plates : |
| Other physical details | col. ill. ; |
| Dimensions | 24 cm. |
| 505 ## - FORMATTED CONTENTS NOTE | |
| Formatted contents note | Part 1: The Old Buccaneer (Page-21), Part ii: The Sea Cook (Page-68), Part iii: My Shore Adventure (Page-111), Part iv: The Stockade (Page-134), Part v: My Sea Adventure (Page-176), Part vi: Captain Silver (Page-223). |
| 650 #1 - SUBJECT ADDED ENTRY--TOPICAL TERM | |
| Topical term or geographic name entry element | Adventure and adventurers |
| General subdivision | Fiction. |
| 9 (RLIN) | 11666 |
| 650 #1 - SUBJECT ADDED ENTRY--TOPICAL TERM | |
| Topical term or geographic name entry element | Buried treasure |
| General subdivision | Fiction. |
| 9 (RLIN) | 46828 |
| 650 #1 - SUBJECT ADDED ENTRY--TOPICAL TERM | |
| Topical term or geographic name entry element | Pirates |
| General subdivision | Fiction. |
| 9 (RLIN) | 46829 |
| 700 1# - ADDED ENTRY--PERSONAL NAME | |
| Personal name | Wyeth, N. C. |
| Dates associated with a name | 1882-1945, |
| 9 (RLIN) | 108198 |
| 856 42 - ELECTRONIC LOCATION AND ACCESS | |
| Materials specified | Contributor biographical information |
| Uniform Resource Identifier | <a href="http://www.loc.gov/catdir/enhancements/fy0902/81008788-b.html">http://www.loc.gov/catdir/enhancements/fy0902/81008788-b.html</a> |
| 942 ## - ADDED ENTRY ELEMENTS (KOHA) | |
| Source of classification or shelving scheme | |
| Koha item type | Book |
| Call number prefix | 808.83,LOU |
| Withdrawn status | Lost status | Source of classification or shelving scheme | Damaged status | Not for loan | Permanent Location | Current Location | Shelving location | Date acquired | Full call number | Barcode | Date last seen | Price effective from | Koha item type | Public note |
|---|---|---|---|---|---|---|---|---|---|---|---|---|---|---|
| Military College of Signals (MCS) | Military College of Signals (MCS) | General Stacks | 12/12/2016 | 808.83,LOU | MCS29841 | 12/08/2016 | 12/12/2016 | Book | Almirah No. 57, Shelf No. 1 |
